书目信息 |
| 题名: |
中国革命历史故事
|
|
| 作者: | ||
| 分册: | 一 | |
| 出版信息: | 北京 中国少年儿童出版社 1981.5 |
|
| 页数: | 111页 | |
| 开本: | ||
| 丛书名: | 少年百科丛书 | |
| 单 册: | ||
| 中图分类: | I287.51 | |
| 科图分类: | ||
| 主题词: | 儿童文学--中国 , 儿童文学--中国--丛书 | |
| 电子资源: | ||
| ISBN: | ||
| 000 | 00549nam0 2200205 45 | |
| 001 | 0312221749 | |
| 005 | 20060819112049.51 | |
| 010 | @dCNY0.24 | |
| 091 | @aR11056.90 | |
| 100 | @a20031222d1981 km y0chiy0120 ea | |
| 101 | @achi | |
| 200 | 1 | @a中国革命历史故事@AZhong Guo Ge Ming Li Shi Gu Shi@h一 |
| 210 | @a北京@c中国少年儿童出版社@d1981.5 | |
| 215 | @a111页@c插图:肖?d20cm | |
| 225 | 2 | @a少年百科丛书 |
| 606 | 0 | @a儿童文学@x中国 |
| 606 | 0 | @a儿童文学@x中国@x丛书 |
| 690 | @aI287.51@v3 | |
| 801 | @aCN@bTSTCL@c20060819 | |
| 905 | @dI287.51@e156:1 | |
| 中国革命历史故事.一.-北京:中国少年儿童出版社,1981.5 |
| 111页:插图:肖?d20cm.-(少年百科丛书) |
| ISBN :CNY0.24 |
| ● |
| 相关链接 |
|
|
|
|
正题名:中国革命历史故事
索取号:I287.51/156:1
 
预约/预借
| 序号 | 登录号 | 条形码 | 馆藏地/架位号 | 状态 | 备注 |
| 1 | 0469917 | 204699175 | 密集书库/ [索取号:I287.51/156:1] | 在馆 |